000 00766nam a22002657a 4500
001 107075
003 UA-OsUOA
005 20210202100504.0
007 ta
008 20140703b un ||||| |||| 00| 0 ukr d
020 _a5835700504
040 _aUA-OsUOA
_bukr
_cUA-OsUOA
_dUA-OsUOA
041 _aukr
080 _a821.161.2
090 _a821.161.2
_bП37
100 _aПлачинда С.
245 _aНеопалима купина
_bісторичні повісті
260 _aК.
_bГрайлик
_c1993
300 _a280 с.
650 7 _a82 Література. Літературознавство
_2UDC
700 _aКолісниченко Ю.
942 _cBK
_2udc
955 _a3
999 _c393424
_d393424